Traduction en/fr: Le corps humain - Statistiques

Statistiques générales
  • Ce quiz a été pris 620 fois
  • Le résultat moyen est 30 sur 39
Statistiques - réponses
Mots Traduction % Correct
the head la tête
99%
The body Le corps
99%
the mouth la bouche
98%
the face le visage
98%
the nose le nez
97%
an eye un œil
95%
a hand une main
93%
a foot un pied
93%
a finger un doigt
92%
a tooth une dent
92%
an ear une oreille
92%
an arm un bras
91%
a leg une jambe
91%
the neck le cou
90%
a lip une lèvre
90%
a moustache une moustache
90%
the skin la peau
89%
the back le dos
88%
the heart le cœur
87%
a knee un genou
83%
a shoulder une épaule
81%
teeth des dents
75%
feet des pieds
75%
the beard la barbe
74%
a bone un os
71%
the forehead le front
69%
eyebrows des sourcils
66%
eyelashes des cils
64%
the chest la poitrine
61%
the cheek la joue
58%
the hip la hanche
57%
the chin le menton
56%
the elbow le coude
55%
the ankle la cheville
53%
eyelids des paupières
49%
a lung un poumon
49%
a kidney un rein
43%
the heel le talon
39%
the navel le nombril
23%
Aucun quiz correspondant
Distribution des résultats
% des personnes avec chaque résultat
Percentile par nombre de réponses
Votre historique - résultats
Vous n’avez pas pris ce quiz